Micah
Major parts of the book of Micah were probably composed in the context of a book containing a number of prophetic writings - even as many as twelve. They can therefore only be understood and interpreted adequately within that context. That process of interpretation sheds light on an essential segmen...
MARC
| LEADER | 00000cam a22000002c 4500 | ||
|---|---|---|---|
| 001 | 1842494317 | ||
| 003 | DE-627 | ||
| 005 | 20260109130217.0 | ||
| 007 | cr uuu---uuuuu | ||
| 008 | 230413s2022 xx |||||o 00| ||eng c | ||
| 020 | |a 9783170254435 |c PDF |9 978-3-17-025443-5 | ||
| 024 | 3 | |a 9783170254435 | |
| 024 | 7 | |a 10.17433/978-3-17-025443-5 |2 doi | |
| 035 | |a (DE-627)1842494317 | ||
| 035 | |a (DE-599)KEP089105877 | ||
| 035 | |a (OCoLC)1395895067 | ||
| 035 | |a (KOHLH)9783170254435 | ||
| 035 | |a (DE-627-1)093404883 | ||
| 040 | |a DE-627 |b ger |c DE-627 |e rda | ||
| 041 | |a eng | ||
| 050 | 0 | |a BS1615.53 | |
| 072 | 7 | |a 9540 |2 wsb | |
| 072 | 7 | |a REL006060 |2 bisacsh | |
| 082 | 0 | |a 224.93077 |q SEPA | |
| 084 | |a 1 |2 ssgn | ||
| 084 | |a BC 4490 |q SEPA |2 rvk |0 (DE-625)rvk/9448: | ||
| 100 | 1 | |e VerfasserIn |0 (DE-588)124922953 |0 (DE-627)368076776 |0 (DE-576)173139191 |4 aut |a Zapff, Burkard M. |d 1960- | |
| 109 | |a Zapff, Burkard M. 1960- |a Zapff, B. M. 1960- |a Zapff, Burkard Maria 1960- | ||
| 245 | 1 | 0 | |a Micah |c Burkard M. Zapff |
| 250 | |a 1. Auflage | ||
| 263 | |a Erscheint: 20220817 | ||
| 264 | 1 | |a Stuttgart |b W. Kohlhammer Verlag |c 2022 | |
| 264 | 4 | |c © 2022 | |
| 300 | |a 1 Online-Ressource (258 Seiten) | ||
| 336 | |a Text |b txt |2 rdacontent | ||
| 337 | |a Computermedien |b c |2 rdamedia | ||
| 338 | |a Online-Ressource |b cr |2 rdacarrier | ||
| 490 | 0 | |a International Exegetical Commentary on the Old Testament (IECOT) | |
| 520 | |a Major parts of the book of Micah were probably composed in the context of a book containing a number of prophetic writings - even as many as twelve. They can therefore only be understood and interpreted adequately within that context. That process of interpretation sheds light on an essential segment of the history of Old Testament theology: it was not primarily a matter of the statements of lone individual prophetic figures but of a common testimony to YHWH's speaking and acting in the history of his people. Zapff shows this by reflecting diachronically on the results of his synchronic exegesis and so tracing the process by which the Micah document and its theological statement were formed. --Back cover | ||
| 630 | 2 | 0 | |a Bible |p Micah |v Commentaries |2 DLC |
| 650 | 4 | |a Altes Testament | |
| 650 | 4 | |a Kommentar | |
| 650 | 4 | |a Dodekapropheton | |
| 650 | 4 | |a Prophet | |
| 650 | 4 | |a Historisch-kritische Exegese | |
| 650 | 4 | |a Ketuvim | |
| 652 | |a HB |b DDCoderRVK | ||
| 655 | 7 | |a Kommentar |0 (DE-588)4136710-8 |0 (DE-627)104500719 |0 (DE-576)209671467 |2 gnd-content | |
| 689 | 0 | 0 | |d u |0 (DE-588)4039110-3 |0 (DE-627)106229311 |0 (DE-576)209033533 |a Bibel |2 gnd |p Micha |
| 689 | 0 | |5 DE-101 | |
| 710 | 2 | |e Verlag |0 (DE-588)83756-8 |0 (DE-627)101684819 |0 (DE-576)192373943 |4 pbl |a W. Kohlhammer GmbH | |
| 776 | 1 | |z 9783170254442 | |
| 776 | 1 | |z 9783170254428 | |
| 776 | 0 | 8 | |i Erscheint auch als |n Druck-Ausgabe |a Zapff, Burkard M., 1960 - |t International exegetical commentary on the Old Testament (IECOT): Micah |b 1. edition |d Stuttgart : Verlag W. Kohlhammer, 2022 |h 258 Seiten |w (DE-627)175567709X |z 9783170254428 |z 3170254421 |k Non-Electronic |
| 787 | 0 | 8 | |i Rezensiert in |a Kelle, Brad E., 1973 - |t [Rezension von: Zapff, Burkard M., 1960-, International exegetical commentary on the Old Testament (IECOT), Micah] |d 2023 |w (DE-627)1852760923 |
| 787 | 0 | 8 | |i Rezensiert in |a Irudayaraj, Dominic S. |t [Rezension von: Zapff, Burkard M., 1960-, International exegetical commentary on the Old Testament (IECOT), Micah] |d 2023 |w (DE-627)1889355542 |
| 856 | 4 | 0 | |u https://elibrary.kohlhammer.de/book/10.17433/978-3-17-025443-5 |m X:KOHLH |x Verlag |z lizenzpflichtig |7 1 |
| 856 | 4 | 2 | |u https://www.kohlhammer.de/medien/public/cover-max/978-3-17-025443-5_cmax.jpg |m X:KOHLH |3 Cover |7 1 |
| 856 | |u https://doi.org/10.17433/978-3-17-025443-5 |x doi |3 Volltext | ||
| 912 | |a ZDB-84-KSY-alt |b 2023 |c 1 | ||
| 912 | |a GBV-84-KHU-UBH | ||
| 912 | |a ZDB-84-KET |b 2022 | ||
| 912 | |a ZDB-84-KHU | ||
| 935 | |a BIIN | ||
| 936 | r | v | |a BC 4490 |b Michaeas (Micha) |k Theologie und Religionswissenschaften |k Bibelwissenschaft |k Bibeltexte, Bibelkommentare und Abhandlungen |k Bibelkommentare |k Alttestamentliche Bücher |k Propheten |k Kleine Propheten |k Michaeas (Micha) |0 (DE-627)1270887491 |0 (DE-625)rvk/9448: |0 (DE-576)200887491 |
| 950 | |a Theologie I (Bibel, Kirchengeschichte, Systematik/Ethik) 2023_1 | ||
| 950 | |a Paket eLibrary Theologie/Kulturwissenschaft | ||
| 951 | |a BO | ||
| BIB | |a 1 | ||
| BIR | |a 60000000_60999999 |b biblesearch | ||
| ELC | |a 1 | ||
| ITA | |a 1 |t 1 | ||
| LOK | |0 000 xxxxxcx a22 zn 4500 | ||
| LOK | |0 001 4446351389 | ||
| LOK | |0 003 DE-627 | ||
| LOK | |0 004 1842494317 | ||
| LOK | |0 005 20240103081212 | ||
| LOK | |0 008 240103||||||||||||||||ger||||||| | ||
| LOK | |0 040 |a DE-21 |c DE-627 |d DE-21 | ||
| LOK | |0 092 |o k |p p | ||
| LOK | |0 689 |a s |a eBook-Kohlhammer-EBS | ||
| LOK | |0 852 |a DE-21 | ||
| LOK | |0 852 1 |9 00 | ||
| LOK | |0 85640 |u https://elibrary.kohlhammer.de/book/10.17433/978-3-17-025443-5 |z Zugang für die Universität Tübingen | ||
| LOK | |0 912 |a ZDB-84-KHU | ||
| LOK | |0 935 |a ebok |a lbok | ||
| LOK | |0 939 |a 03-01-24 |b l01 | ||
| LOK | |0 000 xxxxxcx a22 zn 4500 | ||
| LOK | |0 001 439818760X | ||
| LOK | |0 003 DE-627 | ||
| LOK | |0 004 1842494317 | ||
| LOK | |0 005 20231026175617 | ||
| LOK | |0 008 231026||||||||||||||||ger||||||| | ||
| LOK | |0 040 |a DE-Tue135-1 |c DE-627 |d DE-Tue135-1 | ||
| LOK | |0 852 |a DE-Tue135-1 | ||
| LOK | |0 852 1 |m p |9 00 | ||
| LOK | |0 935 |a inmo | ||
| LOK | |0 938 |k p | ||
| LOK | |0 939 |a 26-10-23 |b l01 | ||
| ORI | |a SA-MARC-ixtheoa001.raw | ||
| REL | |a 1 | ||
| STA | 0 | 0 | |a Commentary,Prophet,Prophet,Prophets in art |
| STB | 0 | 0 | |a Commentaire,Prophète,Prophète |
| STC | 0 | 0 | |a Comentario,Profeta,Profeta |
| STD | 0 | 0 | |a Commento,Profeta,Profeta |
| STE | 0 | 0 | |a 先知,先知,先见,先见,注释,解释,评注 |
| STF | 0 | 0 | |a 先知,先知,先見,先見,注釋,解釋,評注 |
| STG | 0 | 0 | |a Comentário,Profeta,Profeta |
| STH | 0 | 0 | |a Комментарий,Пророк (мотив),Пророк |
| STI | 0 | 0 | |a Προφήτης (μοτίβο),Προφήτης,Σχόλιο |
| SUB | |a BIB |a REL | ||
| SYE | 0 | 0 | |a Altes Testament,Handschrift,Hispanic Society of America,Bibliothek,Ms. B 241,Altes Testament,Arabisch,Handschrift,Sinaikloster,Bibliothek,Ms. 1,Furtmeyr-Bibel,Universitätsbibliothek Augsburg,Cod. I.3.2.III-IV , Kommentare |
| SYG | 0 | 0 | |a Buch Micha,Micha,Michée,Michaeas,Michea,Micah,Michäas,Mîḵā,Mi,Mich,Mic,Mch,Miq,Mikhah,Micah (Buch der Bibel),Micha (Buch der Bibel),מיכה |



